Responses for Show #312 - Tuesday, November 19, 1985

1985 Tournament of Champions semifinal game 2.

Contestants

[<< previous game]

Liz Caccese, a generating station operator from Van Nuys, California

John Hnat, a chemical lab technician from Cleveland, Ohio

Bruce Fauman, a university administrator and professor from Vancouver, British Columbia

[next game >>]

Jeopardy! Round responses

WILD WEST
WORD ORIGINS
AUTOBIOGRAPHIES
GOLDEN OLDIES
BODIES OF WATER
FROGS
    $100 21
Boot Hill

Bruce
    $100 3
caterpillar

John
    $100 1
Henny Youngman

Bruce
    $100 8
"Shake, Rattle and Roll"

Bruce
    $100 16
Red Sea

John
    $100 23
polliwog

Liz
    $200 22
Coney Island

John
    $200 4
Slavs

John
    $200 2
Leo Durocher

John
    $200 9
"The Battle of New Orleans"

Bruce
    $200 17
Yellow Sea

Bruce
    $200 27
Egypt

John
    $500 24
[Audio: Gary Owens Theme]

General George Armstrong Custer

Liz
    $300 5
(Liz: What is shivaree?)

shindig

BruceLiz
    $300 13
Vidal Sassoon

Triple Stumper
    $300 10
bird dog

Liz
    $300 18
Black Sea

John
    $300 28
Joan Van Ark

Triple Stumper
    $400 25
Mark Twain

Liz
    $400 6
Senate

Liz
    $400 14
Patty Hearst

Liz
    $400 11
Bony Moronie

Bruce
    $400 19
White Sea

John
    $400 29
[The end-of-round signal sounds.]

tail

John
    $500 26
(Liz: Who is Judge Roy Bean?)

hanging judge

Liz
Triple Stumper
    $500 7
(Liz: What are sceptics?)

dunces

Liz
Triple Stumper
    $500 15
Charles Colson

John
    $500 12
his mother-in-law

Triple Stumper
    $500 20
Orange

Liz

Scores at the first commercial break (after clue 15):

Bruce John Liz
$1,100 $1,000 $300

Scores at the end of the Jeopardy! Round:

Bruce John Liz
$1,400 $2,600 $1,300

Double Jeopardy! Round responses

LANGUAGES
HIGHWAYS & BYWAYS
THE '60s
SPORTS NICKNAMES
QUOTES
AMERICANA
    $200 10
Arabic

John
    $200 9
Atlantic City

Liz
    $200 19
(John F.) Kennedy

Bruce
    $200 2
Joe Namath

John
    $200 1
done

John
    $200 17
Niagara Falls

Liz
    $400 18
Italian

John
    $400 13
Madison

Bruce
    $400 21
Wernher von Braun

John
    $400 3
Wayne Gretzky

Liz
    $400 5
the mouse

Bruce
    $400 20
steel

John
    $600 24
(John: What is Asia?)

Africa

JohnLiz
    $1,200 14
Providence, Rhode Island

Bruce
    $600 22
a woman

Triple Stumper
    $600 4
Althea Gibson

Bruce
    $600 6
(Liz: Where stands the wigwam of Minnehaha?)
(Bruce: What is Hiawatha?)

Evangeline

BruceLiz
Triple Stumper
    $800 25
Cyrillic

Liz
    $800 15
(Liz: What is Lombardy Street?)

Lombard Street

BruceLiz
    $800 23
Paul Anka

Liz
    $800 11
Three-Fingered Brown

Liz
    $800 7
(Liz: What is loyalty?)
(John: What is honor?)

love

JohnLiz
Triple Stumper
    $1000 26
(Liz: Who is Braille?)

Sequoyah

Liz
Triple Stumper
    $1000 16
(Bruce: What is Smoky Mountain?)

Shenandoah

Bruce
Triple Stumper
    $1000 27
[The end-of-round signal sounds.]

Glassboro

Triple Stumper
    $1000 12
The King and his Court

Bruce
    $1000 8
political

Triple Stumper

Scores at the end of the Double Jeopardy! Round:

Bruce John Liz
$4,400 $3,000 $1,900

[wagering suggestions for these scores]

Final Jeopardy! Round responses

LITERATURE
LizWhat is The Old Man & the Sea?
$1,900
JohnWhat is 3 days?
$900
BruceWhat is the Old Man & the Sea? ?
$1,600
The Old Man and the Sea

Final scores:

Bruce John Liz
$6,000 $2,100 $3,800
Finalist 3rd place 2nd place

Game dynamics:

Coryat scores:

Bruce John Liz
$3,800 $3,000 $1,700
14 R
(including 1 DD),
2 W
16 R,
2 W
14 R
(including 1 DD),
7 W

Combined Coryat: $8,500

[game clues] [game scores] [suggest correction]

Game tape date: 1985-10-29
The J! Archive is created by fans, for fans. Scraping, republication, monetization, and malicious use prohibited; this site may use cookies and collect identifying information. See terms. The Jeopardy! game show and all elements thereof, including but not limited to copyright and trademark thereto, are the property of Jeopardy Productions, Inc. and are protected under law. This website is not affiliated with, sponsored by, or operated by Jeopardy Productions, Inc. Join the discussion at JBoard.tv.